[Event "EU-ch U14"]
[Site "Prague"]
[Date "2024.08.26"]
[Round "5"]
[White "Kutanjac, Aleksandar"]
[Black "Manyevich, Rom"]
[Result "1-0"]
[WhiteElo "2146"]
[BlackElo "1942"]
[PlyCount "109"]
[EventDate "2024.08.22"]
[EventType "swiss"]
[EventRounds "9"]
[EventCountry "CZE"]
[SourceTitle "CBM 221 Extra"]
[Source "ChessBase"]
[SourceDate "2024.09.30"]
[SourceVersion "1"]
[SourceVersionDate "2024.09.30"]
[SourceQuality "1"]

1. d4 Nf6 2. Bf4 b6 3. e3 Bb7 4. Nf3 g6 5. c3 Bg7 6. Nbd2 d6 7. Bc4 Nbd7 8. 0-0 0-0 9. h3 Qe8 10. Qc2 e5 11. dxe5 dxe5 12. Bg3 Qe7 13. Rfd1 Rad8 14. a4 a6 15. e4 h6 16. Bh4 Kh8 17. b4 g5 18. Bg3 Nh5 19. Nf1 f5 20. exf5 Nf4 21. Bxf4 gxf4 22. Bd5 Bxd5 23. Rxd5 Bf6 24. Rad1 Rg8 25. R1d2 Rg7 26. Qe4 Rgg8 27. N1h2 h5 28. Ne1 Bh4 29. Qe2 Qf7 30. Qd1 Rg7 31. Nhf3 Bf6 32. Nxe5 Bxe5 33. Rxe5 Nxe5 34. Rxd8+ Kh7 35. Qc2 Qf6 36. Rd5 c6 37. Rd1 f3 38. g3 Rg5 39. Rd4 Kh8 40. Rf4 Qg7 41. Kh2 Ng4+ 42. hxg4 hxg4 43. Nxf3 gxf3 44. Rxf3 Rh5+ 45. Kg2 Qg4 46. Rf4 Qh3+ 47. Kf3 Qh1+ 48. Ke2 Rh7 49. Qe4 Qh5+ 50. g4 Qf7 51. Qe5+ Rg7 52. Re4 Qa2+ 53. Kf3 Qc2 54. Qe8+ Rg8 55. Qh5+ 1-0

[Event "ISR-ch U14"]
[Site "Kfar Saba"]
[Date "2024.04.18"]
[Round "5"]
[White "Manyevich, Rom"]
[Black "Afek, Itay"]
[Result "1/2-1/2"]
[WhiteElo "1927"]
[BlackElo "1816"]
[PlyCount "90"]
[EventDate "2024.04.10"]
[EventType "swiss"]
[EventRounds "9"]
[EventCountry "ISR"]
[SourceTitle "EXT 2025"]
[Source "ChessBase"]
[SourceDate "2024.10.14"]
[SourceVersion "1"]
[SourceVersionDate "2024.10.14"]
[SourceQuality "1"]

1. Nf3 Nf6 2. c4 g6 3. g3 Bg7 4. Bg2 0-0 5. 0-0 d6 6. d4 Nbd7 7. Nc3 e5 8. e4 c6 9. h3 Re8 10. Re1 exd4 11. Nxd4 Nc5 12. Qc2 Nfxe4 13. Nxe4 Bxd4 14. Bg5 Qd7 15. Nf6+ Bxf6 16. Bxf6 Re6 17. Qc3 Qc7 18. b4 Nd7 19. Bg5 Ne5 20. f4 f6 21. Bh4 Nf7 22. Bxf6 Bd7 23. Rxe6 Bxe6 24. Re1 Re8 25. Qe3 Nh6 26. Qxa7 Qf7 27. Bc3 Nf5 28. Kh2 h5 29. b5 d5 30. bxc6 bxc6 31. Qxf7+ Kxf7 32. cxd5 Bxd5 33. Bxd5+ cxd5 34. Rxe8 Kxe8 35. Kg2 Kd7 36. Kf3 Kc6 37. g4 Nd6 38. Ke3 Kc5 39. Bd4+ Kc4 40. Be5 Nf7 41. Bg7 hxg4 42. hxg4 Nd8 43. Bf6 Ne6 44. f5 d4+ 45. Bxd4 gxf5 1/2-1/2